MARC

LEADER 00000nam0a2200000 4500
001 169395
005 20231031163414.0
035 |a (RuTPU)RU\TPU\book\183750 
090 |a 169395 
100 |a 20091111d1986 km y0rusy50 ca 
101 0 |a rus 
102 |a RU 
105 |a a z 001zy 
200 1 |a Быстродействующие амплитудные анализаторы в современной ядерной физике и технике  |f М. Е. Глушковский 
210 |a Москва  |c Энергоатомиздат  |d 1986 
215 |a 128 с.  |c ил. 
320 |a Библиогр.: с. 125-128. 
610 1 |a аналого-цифровые преобразователи 
610 1 |a спектрометры 
610 1 |a ядерная физика 
610 1 |a техника 
610 1 |a времяимпульсные преобразователи 
610 1 |a мертвое время 
610 1 |a измерение 
610 1 |a расчет 
610 1 |a цифровые фильтры 
675 |a 539.1.075:681.3  |v 3 
700 1 |a Глушковский  |b М. Е.  |g Михаил Евгеньевич 
801 1 |a RU  |b 63413507  |c 20091111 
801 2 |a RU  |b 63413507  |c 20150930  |g RCR 
942 |c BK